000 00578nam a22001697a 4500
008 130808t mx||||| |||| 00| 0 spad
020 _a9688782483
050 0 4 _aF1219.3.P8
_bB37 2005
100 1 _aBarbosa Sánchez, Alma
245 _aCerámica de tlayacapan :
_bEstética popular e identidad cultural
_cAlma Barbosa Sánchez.
260 _aMéxico :
_bUniversidad Autonoma del Estado de Morelos,
_c2005
300 _a301 p.
_bils. ;
_c21 cm.
440 0 _aArtes
_nNo. 2
504 _aIncluye bibliografía
650 4 _aIndios-económia
_xTlayacapan, México
942 _2ddc
_cLIB
999 _c39725
_d39725